000 00938nam a2200193 4500
008 080328s1961 ilu 000 0 eng
090 _aPA813
_bB61g
100 1 _aBlass, Friedrich,
_d1843-1907.
240 1 0 _aGrammatik des neutestamentlichen Griechisch.
_lEnglish
245 1 2 _aA Greek grammar of the New Testament and other early Christian literature /
_c[by] F. Blass and A. Debrunner. A translation and revision of the 9th-10th German ed., incorporating supplementary notes of A. Debrunner, by Robert W. Funk.
260 _a[Chicago] :
_bUniversity of Chicago Press,
_c[1961]
300 _axxxvii, 325 p. ;
_c27 cm.
630 0 4 _aBible.
_pN.T.
_xLanguage, style
_xProblems, exercises, etc.
650 4 _aGreek language, Biblical
_xGrammar.
700 1 _aDebrunner, Albert,
_d1884-
_ejoint author.
700 1 _aFunk, Robert Walter,
_d1926-2005.
951 _p5432
_x00020025
_oPA813/B61g
_j080328143759030
_d2000-12-21
_cGC
999 _c30992
_d30992